[Event "Bled Planinc Memorial 1st"]
[Site "Bled"]
[Date "2018.11.24"]
[Round "1"]
[White "Loiseau, Quentin"]
[Black "Gasik, Piotr"]
[Result "1-0"]
[WhiteElo "2436"]
[BlackElo "2027"]
[PlyCount "67"]
[EventDate "2018.11.24"]
[EventType "swiss (blitz)"]
[EventRounds "9"]
[EventCountry "SLO"]
[SourceTitle "CBM 187 Extra"]
[Source "ChessBase"]
[SourceDate "2018.11.04"]
[SourceVersion "1"]
[SourceVersionDate "2018.11.04"]
[SourceQuality "1"]

1. e4 Nf6 2. e5 Nd5 3. d4 d6 4. c4 Nb6 5. exd6 cxd6 6. Nc3 g6 7. Be3 Bg7 8. Rc1 0-0 9. b3 f5 10. d5 e5 11. dxe6 Bxe6 12. Nf3 Nc6 13. Be2 f4 14. Bd4 Nxd4 15. Nxd4 Bf7 16. 0-0 d5 17. c5 Nc8 18. Bf3 Ne7 19. Ndb5 a6 20. Nd6 d4 21. Nxf7 Rxf7 22. Ne4 Nf5 23. Qd3 Kh8 24. Rfe1 Rc8 25. b4 Rfc7 26. Bg4 b6 27. Bxf5 gxf5 28. Nd6 Qxd6 29. cxd6 Rxc1 30. Qd2 Rxe1+ 31. Qxe1 d3 32. d7 Rf8 33. Qe7 d2 34. Qxf8+ 1-0

[Event "Trzcianka Dziedzic Memorial 8th"]
[Site "Trzcianka"]
[Date "2018.10.14"]
[Round "2"]
[White "Kantans, Toms"]
[Black "Gasik, Piotr"]
[Result "1-0"]
[WhiteElo "2516"]
[BlackElo "2027"]
[PlyCount "61"]
[EventDate "2018.10.14"]
[EventType "swiss (rapid)"]
[EventRounds "9"]
[EventCountry "POL"]
[SourceTitle "CBM 186 Extra"]
[Source "ChessBase"]
[SourceDate "2018.08.24"]
[SourceVersion "1"]
[SourceVersionDate "2018.08.24"]
[SourceQuality "1"]

1. e4 Nf6 2. e5 Nd5 3. c4 Nb6 4. d4 d6 5. exd6 cxd6 6. d5 e5 7. Nc3 Be7 8. Bd3 f5 9. b3 0-0 10. Nge2 N8d7 11. 0-0 Nc5 12. Bc2 a5 13. Be3 f4 14. Bxc5 dxc5 15. f3 a4 16. Nb5 axb3 17. axb3 Rxa1 18. Qxa1 Bd6 19. Nec3 Bf5 20. Bxf5 Rxf5 21. Ne4 Nc8 22. Qa8 Rf8 23. Qxb7 Rf7 24. Qc6 Bf8 25. Ra1 Ne7 26. Qe6 Ng6 27. Ra7 Nh8 28. Nbd6 Bxd6 29. Nxd6 Qxd6 30. Qxd6 Rxa7 31. Qb8+ 1-0

[Event "Wroclaw Anderssen Memorial"]
[Site "Wroclaw"]
[Date "2017.12.02"]
[Round "1"]
[White "Klekowski, Maciej"]
[Black "Gasik, Piotr"]
[Result "1-0"]
[WhiteElo "2498"]
[BlackElo "2031"]
[PlyCount "52"]
[EventDate "2017.12.02"]
[EventType "swiss (rapid)"]
[EventRounds "13"]
[EventCountry "POL"]
[SourceTitle "CBM 181 Extra"]
[Source "ChessBase"]
[SourceDate "2017.12.12"]
[SourceVersion "1"]
[SourceVersionDate "2017.12.12"]
[SourceQuality "1"]

1. c4 f5 2. Nc3 Nf6 3. g3 g6 4. Bg2 Bg7 5. d3 d6 6. e4 e5 7. Nge2 0-0 8. 0-0 c5 9. Rb1 Nc6 10. a3 a5 11. h3 h6 12. f4 Nd4 13. exf5 gxf5 14. Nxd4 exd4 15. Nd5 Nxd5 16. Bxd5+ Kh8 17. Bd2 Rb8 18. b4 axb4 19. axb4 b5 20. cxb5 Rxb5 21. Qf3 Bd7 22. Bc4 Rb6 23. bxc5 Rxb1 24. Rxb1 dxc5 25. Qd5 Qc7 26. Rb7 Qd8 1-0

[Event "EU-ch blitz"]
[Site "Tallinn"]
[Date "2016.12.17"]
[Round "2"]
[White "Gasik, Piotr"]
[Black "Saric, Ivan"]
[Result "0-1"]
[WhiteElo "2079"]
[BlackElo "2652"]
[PlyCount "67"]
[EventDate "2016.12.17"]
[EventType "swiss (blitz)"]
[EventRounds "26"]
[EventCountry "EST"]
[SourceTitle "CBM 176 Extra"]
[Source "ChessBase"]
[SourceDate "2017.03.02"]
[SourceVersion "1"]
[SourceVersionDate "2017.03.02"]
[SourceQuality "1"]

1. c4 g6 2. Nc3 Bg7 3. Nf3 Nf6 4. e4 d6 5. d4 0-0 6. Be2 e5 7. 0-0 Nc6 8. d5 Ne7 9. Ne1 Nd7 10. Nd3 f5 11. Bd2 fxe4 12. Nxe4 Nf6 13. f3 Nf5 14. Rc1 a5 15. Ndf2 Nd4 16. Nxf6+ Bxf6 17. Ne4 Bg7 18. Bg5 Qd7 19. c5 dxc5 20. Nxc5 Nxe2+ 21. Qxe2 Qxd5 22. Rfd1 Qxa2 23. Nd7 Bxd7 24. Rxd7 Rf7 25. Rcxc7 Qb1+ 26. Kf2 Rxd7 27. Rxd7 Qf5 28. Qd2 e4 29. Rxg7+ Kxg7 30. Qd4+ Kg8 31. Qc4+ Qf7 32. Qxe4 Re8 33. Qd3 Qf5 34. Qd1 0-1